[Event "Elit(Rockaden,Umea-Skara)"]
[Site "?"]
[Date "2007.03.16"]
[Round "9"]
[White "Larsson, Johan"]
[Black "Andersson, Goran"]
[Result "0-1"]
[WhiteElo "2136"]
[BlackElo "2206"]
[PlyCount "112"]
[EventDate "2007.??.??"]

1. e4 c6 2. d4 d5 3. Nc3 dxe4 4. Nxe4 Nd7 5. Bc4 Ngf6 6. Ng5 e6 7. Qe2 Nb6 8.
Bd3 h6 9. N5f3 c5 10. dxc5 Bxc5 11. Ne5 Nbd7 12. Ngf3 Qc7 13. O-O Nxe5 14. Nxe5
O-O 15. Re1 Rd8 16. Qf3 Rd5 17. Ng4 Nxg4 18. Qxg4 Kf8 19. Qf3 Bd6 20. h3 Bd7
21. Be4 Rb5 22. b3 Bc6 23. Bxc6 Qxc6 24. Qxc6 bxc6 25. Be3 Rd5 26. c4 Rd3 27.
Kf1 Bb4 28. Red1 Rxd1+ 29. Rxd1 Ke7 30. Ke2 a6 31. Bb6 Rb8 32. Bc7 Rb7 33. Be5
f6 34. Bb2 a5 35. Rd3 e5 36. f3 h5 37. g4 hxg4 38. hxg4 Rb8 39. Kf2 a4 40. Kg2
Bc5 41. Kg3 Ke6 42. Bc1 Bd4 43. Bd2 axb3 44. axb3 c5 45. Kg2 g6 46. Kf1 f5 47.
gxf5+ gxf5 48. Ke2 f4 49. Be1 Kf5 50. Bd2 Rb7 51. Bc1 Rh7 52. Rd1 Rh2+ 53. Ke1
e4 54. fxe4+ Kxe4 55. b4 Bc3+ 56. Kf1 Rh1+ 0-1

[Event "Elit(Rockaden,Umea-Skara)"]
[Site "?"]
[Date "2007.03.16"]
[Round "9"]
[White "Mohammadi, Amir"]
[Black "Hammar, Ulf"]
[Result "1/2-1/2"]
[WhiteElo "2281"]
[BlackElo "2146"]
[PlyCount "99"]
[EventDate "2007.??.??"]

1. e4 e6 2. d3 d5 3. Nd2 c5 4. g3 Bd6 5. Bg2 Ne7 6. f4 Nbc6 7. Ngf3 O-O 8. O-O
f6 9. Re1 Bc7 10. c3 d4 11. c4 Bd7 12. a3 a6 13. Nf1 b5 14. b3 bxc4 15. bxc4
Rb8 16. Bd2 e5 17. f5 Ba5 18. Rb1 Rxb1 19. Qxb1 Bxd2 20. N3xd2 Qc7 21. Qa2 Rb8
22. Rb1 Na5 23. Nb3 Nxb3 24. Rxb3 Ba4 25. Rb2 Nc6 26. Kf2 Rb6 27. Qb1 Rxb2+ 28.
Qxb2 Kf8 29. Bf3 Na5 30. g4 Qb7 31. Qxb7 Nxb7 32. Ke1 g6 33. Bd1 Bd7 34. Ng3
Nd6 35. Kf2 Kg7 36. h4 Nc8 37. Nf1 Nb6 38. Nd2 Bc6 39. Ke1 gxf5 40. gxf5 Kh6
41. Nb3 Nd7 42. Na5 Ba8 43. Kf2 Nb6 44. Kg3 Nd7 45. Kh3 Nb6 46. Kg4 Nd7 47. Ba4
Nb6 48. Bd1 Nd7 49. Ba4 Nb6 50. Bd1 1/2-1/2

[Event "Elit(Rockaden,Umea-Skara)"]
[Site "?"]
[Date "2007.03.16"]
[Round "9"]
[White "Nygren, David"]
[Black "Cederqvist, Niclas"]
[Result "1-0"]
[WhiteElo "2194"]
[BlackElo "2134"]
[PlyCount "57"]
[EventDate "2007.??.??"]

1. e4 e6 2. d4 d5 3. Nc3 dxe4 4. Nxe4 Nd7 5. Nf3 Ngf6 6. Nxf6+ Nxf6 7. Bd3 c5
8. O-O a6 9. b3 b5 10. Bb2 Bb7 11. a4 b4 12. Re1 Bd6 13. dxc5 Bxc5 14. Re5 Bd6
15. Rg5 h6 16. Rxg7 Kf8 17. Rg4 h5 18. Rd4 Rg8 19. Bf1 Ne8 20. c4 bxc3 21. Ba3
c2 22. Rxd6 Nxd6 23. Bxd6+ Ke8 24. Qd3 Qf6 25. Ne5 Bxg2 26. Bxg2 c1=Q+ 27. Rxc1
Qg5 28. Qf1 Rd8 29. f4 1-0

[Event "Elit(Wasa-Astorp)"]
[Site "?"]
[Date "2007.03.17"]
[Round "10"]
[White "Hoi, Carsten"]
[Black "Wedberg, Tom"]
[Result "1/2-1/2"]
[WhiteElo "2413"]
[BlackElo "2568"]
[PlyCount "54"]
[EventDate "2007.03.17"]
[SourceDate "2007.03.17"]

1. d4 Nf6 2. Nf3 e6 3. e3 c5 4. Bd3 Nc6 5. O-O d5 6. b3 Be7 7. Bb2 O-O 8. Nbd2
b6 9. a3 Bb7 10. Qe2 Re8 11. Ng5 h6 12. f4 Bf8 13. Ngf3 g6 14. Ne5 Bg7 15. Qf3
Qc7 16. Qg3 Ne7 17. Rac1 Nf5 18. Qe1 Rac8 19. g4 Nd6 20. g5 Nfe4 21. Bxe4 dxe4
22. gxh6 Bh8 23. dxc5 bxc5 24. Ndc4 Nxc4 25. Nxc4 Bxb2 26. Nxb2 Kh7 27. Qc3
Kxh6 1/2-1/2

[Event "Elit(Wasa-Astorp)"]
[Site "?"]
[Date "2007.03.17"]
[Round "10"]
[White "Hellborg, Teodor"]
[Black "Sjodahl, Pontus"]
[Result "1/2-1/2"]
[WhiteElo "2389"]
[BlackElo "2474"]
[PlyCount "38"]
[EventDate "2007.??.??"]

1. d4 Nf6 2. c4 e6 3. Nc3 Bb4 4. Bd2 d5 5. e3 O-O 6. Nf3 c5 7. a3 cxd4 8. axb4
dxc3 9. Bxc3 b6 10. b5 Bb7 11. b3 Qe7 12. Bb2 Rd8 13. Qc2 Nbd7 14. Ba3 Qe8 15.
Be2 dxc4 16. bxc4 Ne4 17. O-O Ndc5 18. Rfd1 Rxd1+ 19. Rxd1 a6 1/2-1/2

[Event "Elit(Wasa-Astorp)"]
[Site "?"]
[Date "2007.03.17"]
[Round "10"]
[White "Jakobsen, Ole"]
[Black "Astrom, Goran"]
[Result "1/2-1/2"]
[WhiteElo "2380"]
[BlackElo "2300"]
[PlyCount "89"]
[EventDate "2007.??.??"]

1. d4 Nf6 2. c4 e6 3. Nf3 b6 4. Nc3 Bb7 5. Bg5 Be7 6. Qc2 c5 7. dxc5 bxc5 8. e3
O-O 9. Be2 d6 10. O-O Nbd7 11. Rfd1 Qb6 12. Rd2 Rfd8 13. Rad1 a6 14. Bf4 Nf8
15. Ne1 Rd7 16. Bf3 Rad8 17. h3 Ng6 18. Bg3 Bxf3 19. Nxf3 Qc6 20. b3 h6 21. Rd3
Nh5 22. Bh2 Nf6 23. Qe2 d5 24. Ne5 Nxe5 25. Bxe5 dxc4 26. bxc4 Rxd3 27. Rxd3
Rxd3 28. Qxd3 Nd7 29. Bg3 Bf6 30. Ne4 Be5 31. f4 Bc7 32. Bh4 f5 33. Nd2 Qd6 34.
Qxd6 Bxd6 35. Kf2 Kf7 36. Ke2 e5 37. fxe5 Nxe5 38. Bd8 Ke6 39. Ba5 g6 40. Bc3
Be7 41. Bxe5 Kxe5 42. Kd3 h5 43. Nf3+ Ke6 44. h4 Bd6 45. Ng5+ 1/2-1/2

[Event "Elit(Wasa-Astorp)"]
[Site "?"]
[Date "2007.03.17"]
[Round "10"]
[White "Genkin, Michael"]
[Black "Ivarsson, Stefan"]
[Result "1/2-1/2"]
[WhiteElo "2350"]
[BlackElo "2303"]
[PlyCount "107"]
[EventDate "2007.??.??"]

1. e4 e6 2. d4 d5 3. Nd2 c5 4. exd5 Qxd5 5. Ngf3 cxd4 6. Bc4 Qd6 7. O-O Nf6 8.
Nb3 Nc6 9. Nbxd4 Nxd4 10. Nxd4 a6 11. b3 Qc7 12. Bb2 Bd6 13. h3 b5 14. Be2 Bb7
15. Bf3 Rd8 16. Bxb7 Qxb7 17. Qe2 O-O 18. Rfd1 Bc5 19. Rd3 Qe4 20. Qxe4 Nxe4
21. Re1 Nf6 22. Red1 Rc8 23. c4 bxc4 24. bxc4 Ne4 25. Re1 Nd6 26. Rc1 Bxd4 27.
Rxd4 Rc6 28. Ba3 Nf5 29. Rd7 Rfc8 30. c5 h5 31. Rb1 Nh6 32. Rbb7 Rxc5 33. Bxc5
Rxc5 34. Ra7 Ra5 35. Rd6 Rxa2 36. Rdxa6 Rd2 37. g3 Rd5 38. Kg2 g6 39. Ra5 Rd3
40. Ra3 Rd6 41. R3a4 Kg7 42. g4 hxg4 43. hxg4 Rd5 44. Kg3 g5 45. f3 Rb5 46.
R7a5 Rxa5 47. Rxa5 Kg6 48. Ra6 Ng8 49. Kf2 Nf6 50. Ra8 Kg7 51. Ke3 Nd5+ 52. Kd4
Nf4 53. Ke5 Ng6+ 54. Ke4 1/2-1/2

[Event "Elit(Wasa-Astorp)"]
[Site "?"]
[Date "2007.03.17"]
[Round "10"]
[White "Fagerstrom, Bjorn"]
[Black "Collett, Peter"]
[Result "1/2-1/2"]
[WhiteElo "2238"]
[BlackElo "2219"]
[PlyCount "136"]
[EventDate "2007.??.??"]

1. d4 Nf6 2. Bg5 e6 3. e4 h6 4. Bxf6 Qxf6 5. c3 d5 6. e5 Qd8 7. a3 c5 8. b4
cxd4 9. cxd4 a5 10. b5 a4 11. Nc3 Nd7 12. Nf3 Qa5 13. Qd2 Nb6 14. Bd3 Bd7 15.
O-O Be7 16. Rfc1 O-O 17. h4 Rfc8 18. Bb1 Bxb5 19. Qc2 g6 20. h5 Be8 21. hxg6
fxg6 22. Qd3 Rc6 23. Ne2 Rxc1+ 24. Nxc1 Rc8 25. Ne2 Nd7 26. Qe3 Kg7 27. Bd3 Nf8
28. g3 Bb5 29. Rb1 Bxd3 30. Qxd3 Rc7 31. Kg2 Qa6 32. Qe3 Rc2 33. Nf4 Qc6 34.
Qd3 Rc3 35. Qb5 Qxb5 36. Rxb5 Rb3 37. Ra5 b5 38. Ra7 Kf7 39. Rb7 Rxa3 40. Rxb5
Rb3 41. Ra5 a3 42. Ra7 g5 43. Nh5 Nd7 44. Nh2 Nb8 45. Ng4 Nc6 46. Ra8 Rb8 47.
Ra6 Nxd4 48. Nhf6 Kg6 49. Nxd5 Bc5 50. Nde3 h5 51. Nf6 Rb7 52. Nc4 Nc2 53. Ne4
Ra7 54. Rxe6+ Kg7 55. Nxc5 Rc7 56. Nxa3 Rxc5 57. Nxc2 Rxc2 58. Kf3 g4+ 59. Ke3
Ra2 60. Rf6 Rb2 61. Ke4 Ra2 62. Kd5 Ra5+ 63. Ke6 Ra2 64. Kd5 Ra5+ 65. Ke4 Ra2
66. Rf4 Kg6 67. e6 Ra4+ 68. Ke5 Ra5+ 1/2-1/2

[Event "Elit(Wasa-Astorp)"]
[Site "?"]
[Date "2007.03.17"]
[Round "10"]
[White "Berkell, Peder"]
[Black "Petersson, Gosta"]
[Result "0-1"]
[WhiteElo "2218"]
[BlackElo "2126"]
[PlyCount "100"]
[EventDate "2007.??.??"]
[SourceDate "2007.03.18"]

1. e4 e6 2. d3 c5 3. Nf3 Nc6 4. g3 g6 5. Bg2 Bg7 6. O-O Nge7 7. Re1 O-O 8. e5
f6 9. exf6 Rxf6 10. Nc3 Rf8 11. Ne4 d6 12. c3 h6 13. a3 b6 14. Rb1 a5 15. Qc2
a4 16. b3 axb3 17. Qxb3 d5 18. Ned2 Rb8 19. Bb2 e5 20. c4 d4 21. Re4 Be6 22.
Qb5 Bf5 23. Rbe1 Bxe4 24. Nxe4 Qc7 25. Bc1 Nd8 26. Qb3 Nf7 27. h4 Nf5 28. Re2
N5d6 29. Nxd6 Qxd6 30. Nd2 Qd7 31. Bd5 Kh8 32. Qd1 Nd6 33. Re1 Nb5 34. Bg2 Nc3
35. Qc2 Qa4 36. Qxa4 Nxa4 37. Be4 Rf6 38. Nf3 Re8 39. Nh2 Nc3 40. Ng4 Nxe4 41.
Rxe4 Rf3 42. Nxh6 Rxd3 43. Kg2 Rc3 44. Bg5 Rf8 45. Ng4 Rf5 46. f4 exf4 47. gxf4
Rf8 48. Be7 Ra8 49. Bf6 Bxf6 50. Nxf6 Raxa3 0-1

[Event "Elit(Wasa-Astorp)"]
[Site "?"]
[Date "2007.03.17"]
[Round "10"]
[White "Tallinger, Thomas"]
[Black "Soderberg, Per"]
[Result "1/2-1/2"]
[WhiteElo "2222"]
[BlackElo "2210"]
[PlyCount "35"]
[EventDate "2007.??.??"]

1. e4 c5 2. Nf3 d6 3. d4 cxd4 4. Nxd4 Nf6 5. Nc3 a6 6. f4 e5 7. Nb3 Be7 8. a4
Be6 9. Be2 Nc6 10. Be3 d5 11. exd5 Nxd5 12. Nxd5 Bxd5 13. O-O exf4 14. Bxf4 O-O
15. Kh1 Be4 16. Nd2 Bg6 17. c3 Bg5 18. Nc4 1/2-1/2

[Event "Elit(Wasa-Astorp)"]
[Site "?"]
[Date "2007.03.17"]
[Round "10"]
[White "Nordstrom, Felix"]
[Black "Bengtsson, Jan"]
[Result "0-1"]
[WhiteElo "2143"]
[BlackElo "2064"]
[PlyCount "136"]
[EventDate "2007.??.??"]

1. d4 c6 2. c4 d5 3. Nf3 Nf6 4. Nc3 Qb6 5. e3 Bf5 6. Be2 e6 7. Nh4 Bg6 8. Nxg6
hxg6 9. O-O Nbd7 10. Qc2 Qc7 11. h3 Bb4 12. Bd2 Bxc3 13. Bxc3 g5 14. f4 gxf4
15. exf4 g6 16. Bd3 O-O-O 17. Rf3 dxc4 18. Bxc4 Kb8 19. Qe2 Qd6 20. Bb3 Nd5 21.
Raf1 Ka8 22. Ba5 Rc8 23. Be1 f5 24. a3 Rce8 25. Qd2 N5f6 26. Qb4 Qc7 27. Qa5
Qxa5 28. Bxa5 Nd5 29. Kh2 N7f6 30. Re1 Kb8 31. g3 Kc8 32. Kg2 Kd7 33. Bc2 Rhg8
34. Kf2 Rh8 35. Kg2 Rh6 36. Rf2 b6 37. Bd2 a5 38. Rfe2 Nc7 39. Be3 Nfd5 40. Bf2
Ra8 41. Rc1 a4 42. Bd1 b5 43. Rec2 Ra6 44. Be2 Rh8 45. Bf1 Rb6 46. Be2 Ne8 47.
Bf3 Nd6 48. Be2 Rc8 49. Bf1 b4 50. axb4 Rxb4 51. Bd3 Rb3 52. Bc4 Rb4 53. Bd3
Rb6 54. Ra1 Ra8 55. Rd2 Rb4 56. Kf1 Rab8 57. Ra2 Nc4 58. Bxc4 Rxc4 59. Rd1 Rc2
60. Rda1 Rb3 61. Kg1 Nb4 62. Rxa4 Rbxb2 63. Be1 Nd3 64. Ra7+ Kd6 65. Ba5 Rg2+
66. Kh1 Rxg3 67. Bc7+ Kd5 68. R7a5+ Ke4 0-1

[Event "Elit(Sollentuna-LASK)"]
[Site "?"]
[Date "2007.03.17"]
[Round "10"]
[White "Niklasson, Christer"]
[Black "Berg, Emanuel"]
[Result "1/2-1/2"]
[WhiteElo "2414"]
[BlackElo "2649"]
[PlyCount "51"]
[EventDate "2007.??.??"]
[SourceDate "2007.03.18"]

1. d4 e6 2. Nf3 Nf6 3. e3 d5 4. Bd3 Nbd7 5. O-O Bd6 6. c4 dxc4 7. Bxc4 a6 8. a4
O-O 9. Nc3 c5 10. dxc5 Bxc5 11. Qe2 Qa5 12. Bd2 Bb4 13. e4 Qh5 14. h3 e5 15.
Rfd1 Nc5 16. Nd5 Bxd2 17. Nxf6+ gxf6 18. Nxd2 Qxe2 19. Bxe2 Bd7 20. a5 Bc6 21.
Rac1 Ne6 22. f3 Nd4 23. Bc4 Rfc8 24. Kf2 Rc7 25. Rc3 Kf8 26. Rdc1 1/2-1/2

[Event "Elit(Sollentuna-LASK)"]
[Site "?"]
[Date "2007.03.17"]
[Round "10"]
[White "Agrest, Evgenij"]
[Black "Hall, Jesper"]
[Result "1-0"]
[WhiteElo "2671"]
[BlackElo "2530"]
[PlyCount "41"]
[EventDate "2007.??.??"]

1. d4 Nf6 2. Nf3 b5 3. e3 a6 4. a4 b4 5. Bd3 d5 6. Nbd2 Bg4 7. c4 bxc3 8. bxc3
e6 9. a5 c5 10. Qa4+ Qd7 11. Bc2 Bf5 12. e4 Nxe4 13. Ne5 Qxa4 14. Bxa4+ Ke7 15.
g4 Bg6 16. Nxg6+ hxg6 17. Nxe4 dxe4 18. Rb1 Kd8 19. Rb7 Rh3 20. Be3 Rf3 21.
dxc5 1-0

[Event "Elit(Sollentuna-LASK)"]
[Site "?"]
[Date "2007.03.17"]
[Round "10"]
[White "Lund, Esben"]
[Black "Ivanov, Sergej"]
[Result "0-1"]
[WhiteElo "2353"]
[BlackElo "2588"]
[PlyCount "102"]
[EventDate "2007.??.??"]

1. d4 Nf6 2. c4 e6 3. Nc3 Bb4 4. e3 c5 5. Nf3 O-O 6. Bd3 d5 7. O-O dxc4 8. Bxc4
Nbd7 9. Qe2 b6 10. d5 Bxc3 11. dxe6 Ba5 12. exd7 Qxd7 13. e4 Bb7 14. e5 Rae8
15. Ng5 Bd5 16. f4 h6 17. Nf3 Bxc4 18. Qxc4 Qd5 19. Qa4 Qe4 20. Qxe4 Nxe4 21.
Be3 Rd8 22. Rfd1 b5 23. Kf1 a6 24. Ke2 c4 25. Rxd8 Rxd8 26. Rd1 Rxd1 27. Kxd1
Kf8 28. g4 Ke8 29. Bd4 Kd7 30. e6+ Kxe6 31. Bxg7 c3 32. Kc2 cxb2 33. Kxb2 Nf2
34. f5+ Kd5 35. Ne5 f6 36. Nd7 Nxg4 37. Nxf6+ Nxf6 38. Bxf6 Bc7 39. Kc2 Bxh2
40. Kd3 Bf4 41. Bc3 h5 42. Bf6 a5 43. Ke2 a4 44. Kf3 Be5 45. Be7 Bd6 46. Bg5 b4
47. Bd2 b3 48. axb3 axb3 49. Bc1 Ke5 50. Bf4+ Kxf5 51. Bxd6 b2 0-1

[Event "Elit(Sollentuna-LASK)"]
[Site "?"]
[Date "2007.03.17"]
[Round "10"]
[White "Popov, Valerij"]
[Black "Tikkanen, Hans"]
[Result "1-0"]
[WhiteElo "2647"]
[BlackElo "2430"]
[PlyCount "83"]
[EventDate "2007.??.??"]

1. d4 g6 2. e4 Bg7 3. Nc3 d6 4. Be3 a6 5. f4 b5 6. Bd3 Nd7 7. Nf3 c5 8. e5 b4
9. Ne4 Qc7 10. Nfg5 cxd4 11. e6 f5 12. exd7+ Bxd7 13. Bf2 e5 14. Nd2 Ne7 15.
O-O Bf6 16. Qe2 O-O 17. Bxa6 Qxc2 18. Ngf3 Qc7 19. Rfe1 Nc6 20. Bb5 Rfe8 21.
Rac1 Kg7 22. Rxc6 Bxc6 23. Rc1 d3 24. Qe3 Rec8 25. Rxc6 Qa5 26. fxe5 dxe5 27.
Rxc8 Rxc8 28. Qxd3 Rd8 29. Qc4 Rb8 30. Bd7 Rd8 31. Bb5 Rb8 32. Bc6 Rc8 33. Qe6
Qc7 34. Bd5 e4 35. Bb6 Qc1+ 36. Nf1 Rf8 37. Qd7+ Kh8 38. Qd6 Kg7 39. Nd4 Re8
40. Ne6+ Rxe6 41. Qxe6 Qxb2 42. Be3 1-0

[Event "Elit(Sollentuna-LASK)"]
[Site "?"]
[Date "2007.03.17"]
[Round "10"]
[White "Smith, Axel"]
[Black "Lindberg, Bo"]
[Result "1-0"]
[WhiteElo "2343"]
[BlackElo "2514"]
[PlyCount "133"]
[EventDate "2007.??.??"]

1. e4 Nc6 2. Nf3 e5 3. Bb5 a6 4. Ba4 Nf6 5. O-O b5 6. Bb3 Be7 7. Re1 d6 8. c3
O-O 9. h3 Bb7 10. d4 Nd7 11. Nbd2 Bf6 12. Nf1 Re8 13. Ng3 g6 14. a4 Na5 15. Bc2
exd4 16. axb5 axb5 17. Nxd4 b4 18. cxb4 Nc6 19. Rxa8 Qxa8 20. Nxc6 Bxc6 21. Re3
Qb7 22. Ba4 Nb6 23. Bxc6 Qxc6 24. Re2 Qb5 25. Rc2 d5 26. Qf3 Be5 27. exd5 Qa4
28. b3 Qa1 29. Kh2 Qb1 30. Rc6 h5 31. h4 Bd6 32. Be3 Nd7 33. Rc1 Qxb3 34. Bc5
Qa2 35. Bxd6 cxd6 36. Ne4 Qb2 37. Rc7 Qe5+ 38. g3 Re7 39. Rxd7 Qxe4 40. Rd8+
Kg7 41. Qc3+ Qe5 42. Qxe5+ dxe5 43. d6 Rb7 44. Re8 Rd7 45. Rxe5 Rxd6 46. Re2
Rb6 47. Rb2 Rb5 48. Kg2 Kf6 49. Kf3 Ke5 50. Ke3 f6 51. Kd3 Kd5 52. Kc3 Kc6 53.
Ra2 Kb7 54. Ra5 Rb6 55. b5 g5 56. Kb4 gxh4 57. gxh4 Re6 58. Ra6 Re4+ 59. Ka5
Rf4 60. Re6 Rxf2 61. Re7+ Kc8 62. Rh7 f5 63. Kb6 f4 64. Rxh5 Rh2 65. Rh8+ Kd7
66. Ka7 Ra2+ 67. Kb7 1-0

[Event "Elit(Sollentuna-LASK)"]
[Site "?"]
[Date "2007.03.17"]
[Round "10"]
[White "Carlsson, Pontus"]
[Black "Semcesen, Daniel"]
[Result "1/2-1/2"]
[WhiteElo "2629"]
[BlackElo "2411"]
[PlyCount "89"]
[EventDate "2007.??.??"]

1. e4 e5 2. Nf3 Nf6 3. d4 Nxe4 4. Bd3 Nc6 5. Nxe5 Nxe5 6. Bxe4 d5 7. dxe5 dxe4
8. Qxd8+ Kxd8 9. Nc3 Bb4 10. Bg5+ Ke8 11. O-O-O Bg4 12. Rd4 Bxc3 13. bxc3 h6
14. Rxe4 Be6 15. Be3 Rd8 16. Ra4 a6 17. Rf1 Rd7 18. h3 Bd5 19. f3 Bc6 20. Rg4
Rh7 21. f4 Rd5 22. c4 Ra5 23. Kb2 h5 24. Rg5 Be4 25. Re1 Bc6 26. c5 Ra4 27. f5
Re4 28. f6 g6 29. Bd2 Rxe1 30. Bxe1 Kd7 31. Kc3 Ke6 32. Bf2 Rh8 33. h4 Be4 34.
Bd4 Bf5 35. Rg3 Be4 36. Rg5 Bf5 37. Rg3 Be4 38. Kd2 Rd8 39. c3 Bd5 40. a3 Bc6
41. Ke3 Bd5 42. Kf2 Be4 43. Re3 Bc6 44. Rg3 Be4 45. Re3 1/2-1/2

[Event "Elit(Sollentuna-LASK)"]
[Site "?"]
[Date "2007.03.17"]
[Round "10"]
[White "Nilsson, Sebastian"]
[Black "Couso, Luis"]
[Result "1/2-1/2"]
[WhiteElo "2289"]
[BlackElo "2343"]
[PlyCount "92"]
[EventDate "2007.??.??"]

1. e4 c5 2. Nf3 e6 3. d4 cxd4 4. Nxd4 a6 5. Bd3 Bc5 6. Nb3 Ba7 7. Qe2 Nc6 8.
Be3 Nge7 9. Nc3 d6 10. O-O e5 11. Rfd1 O-O 12. Bc4 b5 13. Bd5 Nxd5 14. Nxd5 Be6
15. a4 Bxe3 16. Qxe3 b4 17. Rd3 Bxd5 18. Rxd5 Ne7 19. Rd3 Qc7 20. Qd2 Rfd8 21.
Rd1 Ng6 22. Qxb4 Qxc2 23. Na1 Qe2 24. R3d2 Qg4 25. f3 Qg5 26. Nc2 Nf4 27. Ne1
Ne6 28. Rxd6 Rxd6 29. Rxd6 Qe3+ 30. Kf1 h5 31. Rd3 Qa7 32. Qd2 Rc8 33. Rc3 Rb8
34. Nd3 Qd4 35. Qc2 Rd8 36. Rc8 Rxc8 37. Qxc8+ Kh7 38. Qc2 f6 39. h3 Qe3 40.
Qe2 Qd4 41. Qc2 Qe3 42. b4 Qd4 43. Qb1 Qc4 44. Kg1 Nd4 45. Kh2 Nc2 46. Qd1 Nxb4
1/2-1/2

[Event "Elit(Sollentuna-LASK)"]
[Site "?"]
[Date "2007.03.17"]
[Round "10"]
[White "Dzevlan, Miralem"]
[Black "Dragicevic, Drazen"]
[Result "1-0"]
[WhiteElo "2447"]
[BlackElo "2303"]
[PlyCount "65"]
[EventDate "2007.??.??"]

1. d4 Nf6 2. c4 g6 3. Nc3 d5 4. Nf3 Bg7 5. Bf4 O-O 6. e3 c5 7. dxc5 Qa5 8. Rc1
dxc4 9. Bxc4 Qxc5 10. Bb3 Nc6 11. O-O Qa5 12. h3 Bf5 13. Qe2 Ne4 14. Nd5 Nc5
15. Bc4 e6 16. Bc7 b6 17. b4 Nxb4 18. Ne7+ Kh8 19. Nxf5 gxf5 20. Bd6 Rfd8 21.
Ng5 Kg8 22. Bxc5 Qxc5 23. Bxe6 Qe7 24. Bxf7+ Kh8 25. Qh5 h6 26. h4 Rd6 27. Rfd1
Rxd1+ 28. Rxd1 Qf6 29. Bb3 Bf8 30. Rd7 Bg7 31. g3 Rc8 32. Rd6 Qe7 33. Rxh6+ 1-0

[Event "Elit(Rockaden,Sthlm-Limhamn)"]
[Site "?"]
[Date "2007.03.17"]
[Round "10"]
[White "Hellers, Ferdinand"]
[Black "Nielsen, Peter Heine"]
[Result "1/2-1/2"]
[WhiteElo "2701"]
[BlackElo "2640"]
[PlyCount "52"]
[EventDate "2007.??.??"]

1. e4 c5 2. Nf3 d6 3. d4 cxd4 4. Nxd4 Nf6 5. Nc3 a6 6. Bg5 e6 7. f4 Qb6 8. Qd2
Nc6 9. O-O-O Qxd4 10. Qxd4 Nxd4 11. Rxd4 Bd7 12. Be2 Bc6 13. Rhd1 Nd7 14. Bh4
Rc8 15. a4 h6 16. b4 g5 17. Bf2 Nf6 18. b5 axb5 19. axb5 Bd7 20. e5 Rxc3 21.
exf6 gxf4 22. Rxf4 Rg8 23. Kb2 Rc8 24. g4 d5 25. h3 Bd6 26. Rf3 Be5+ 1/2-1/2

[Event "Elit(Rockaden,Sthlm-Limhamn)"]
[Site "?"]
[Date "2007.03.17"]
[Round "10"]
[White "Hermansson, Emil"]
[Black "Hector, Jonny"]
[Result "1/2-1/2"]
[WhiteElo "2545"]
[BlackElo "2638"]
[PlyCount "109"]
[EventDate "2007.??.??"]

1. e4 e5 2. Nf3 Nc6 3. Bb5 a6 4. Ba4 Nf6 5. O-O Bc5 6. c3 b5 7. Bc2 d5 8. d4
dxe4 9. Nxe5 Nxe5 10. dxe5 Qxd1 11. Rxd1 Ng4 12. Bxe4 Rb8 13. Bc6+ Ke7 14. Bg5+
Ke6 15. Bh4 Nxe5 16. Bd5+ Kf5 17. Nd2 Bb7 18. Nb3 Bb6 19. Bg3 f6 20. Nd4+ Bxd4
21. Rxd4 c5 22. Rd2 c4 23. Rad1 Rhe8 24. Kf1 g5 25. Bxe5 Rxe5 26. Bxb7 Rxb7 27.
Rd6 b4 28. g4+ Kxg4 29. Rxf6 Kh5 30. cxb4 Rxb4 31. Rd7 g4 32. Rxh7+ Kg5 33.
Rhh6 Rf5 34. Rhg6+ Kh5 35. Rh6+ Kg5 36. Rhg6+ Kh5 37. Rh6+ Kg5 38. Rxf5+ Kxf5
39. Rxa6 Rxb2 40. Ra4 Rc2 41. Kg2 Ke4 42. Kg3 Kd3 43. Ra8 Rd2 44. Kxg4 c3 45.
h4 c2 46. Rd8+ Ke2 47. Rc8 Rd4+ 48. Kf5 Kd3 49. Rxc2 Kxc2 50. h5 Rd6 51. Kg5
Kd3 52. h6 Ke4 53. h7 Rd5+ 54. Kg6 Rd6+ 55. Kg7 1/2-1/2

[Event "Elit(Rockaden,Sthlm-Limhamn)"]
[Site "?"]
[Date "2007.03.17"]
[Round "10"]
[White "Ahlander, Bjorn"]
[Black "Karlsson, Lars"]
[Result "0-1"]
[WhiteElo "2541"]
[BlackElo "2531"]
[PlyCount "78"]
[EventDate "2007.??.??"]

1. d4 e6 2. Nf3 f5 3. c4 Nf6 4. Nc3 Bb4 5. Bd2 O-O 6. g3 d6 7. Bg2 Qe7 8. O-O
e5 9. a3 Bxc3 10. Bxc3 e4 11. Ne1 Nc6 12. b4 Bd7 13. Nc2 Rae8 14. Qd2 Qf7 15.
b5 Ne7 16. d5 Ng6 17. f4 exf3 18. exf3 f4 19. g4 h5 20. h3 hxg4 21. hxg4 Nh7
22. Rae1 Ne5 23. Qd4 Qg6 24. Nb4 Ng5 25. Rf2 Ngxf3+ 26. Bxf3 Nxf3+ 27. Rxf3
Rxe1+ 28. Bxe1 Qxg4+ 29. Kf2 Qh4+ 30. Kg2 Qxe1 31. Nd3 Qd2+ 32. Kg1 Rf6 33. Qe4
Bf5 34. Qxf4 Rg6+ 35. Rg3 Qxd3 36. Rxg6 Bxg6 37. Qg5 Qd4+ 38. Kg2 Be4+ 39. Kf1
Qf6+ 0-1

[Event "Elit(Rockaden,Sthlm-Limhamn)"]
[Site "?"]
[Date "2007.03.17"]
[Round "10"]
[White "Engqvist, Thomas"]
[Black "Jepson, Christian"]
[Result "1-0"]
[WhiteElo "2429"]
[BlackElo "2453"]
[PlyCount "131"]
[EventDate "2007.??.??"]

1. c4 e5 2. Nc3 Nf6 3. Nf3 Nc6 4. d4 exd4 5. Nxd4 Bb4 6. Bg5 h6 7. Bh4 Bxc3+ 8.
bxc3 d6 9. f3 Ne5 10. e4 Ng6 11. Bf2 O-O 12. Qd2 c6 13. Be2 d5 14. exd5 cxd5
15. c5 Ne5 16. Nb5 Be6 17. O-O Qe7 18. Nd4 Nc4 19. Qf4 Nh5 20. Qc1 Qf6 21. Re1
Bd7 22. Rb1 b6 23. c6 Bxc6 24. g4 Nf4 25. Bxc4 dxc4 26. Nxc6 Nh3+ 27. Kg2 Qxc6
28. Kxh3 Qxf3+ 29. Bg3 f5 30. Qf4 Qxc3 31. Rbc1 g5 32. Qxc4+ Qxc4 33. Rxc4 f4
34. Bf2 Rac8 35. Rec1 Rxc4 36. Rxc4 Rf7 37. Kg2 Rd7 38. a4 Kh7 39. a5 h5 40.
axb6 axb6 41. h3 Rd3 42. Rc7+ Kh6 43. Rc6+ Kh7 44. gxh5 b5 45. Rg6 Rd5 46. Rb6
Rd3 47. Rg6 Rd5 48. Kf3 Rd3+ 49. Kg4 Rd2 50. Be1 Rd1 51. Re6 b4 52. Kxg5 Rd5+
53. Kxf4 Rxh5 54. h4 Rb5 55. Re2 Kh6 56. Rb2 Kh5 57. Bxb4 Rd5 58. Be7 Rd4+ 59.
Ke5 Rd1 60. Rg2 Re1+ 61. Kd6 Rd1+ 62. Ke6 Re1+ 63. Kf7 Kh6 64. Rg6+ Kh7 65. Bg5
Rf1+ 66. Rf6 1-0

[Event "Elit(Rockaden,Sthlm-Limhamn)"]
[Site "?"]
[Date "2007.03.17"]
[Round "10"]
[White "Brynell, Stellan"]
[Black "Olsson, Anders"]
[Result "1/2-1/2"]
[WhiteElo "2619"]
[BlackElo "2479"]
[PlyCount "89"]
[EventDate "2007.??.??"]

1. d4 Nf6 2. c4 g6 3. g3 Bg7 4. Bg2 O-O 5. Nc3 d6 6. Nf3 Nbd7 7. O-O e5 8. e4
c6 9. b3 exd4 10. Nxd4 Nc5 11. h3 Re8 12. Re1 a5 13. Rb1 Qe7 14. Bf4 Nfd7 15.
Be3 Nf6 16. Qd2 Bd7 17. f3 Rad8 18. Rbd1 Bc8 19. Bf2 h5 20. Be3 Nh7 21. Qc1 Qc7
22. Bf2 Bf6 23. f4 Bg7 24. Qc2 Qe7 25. Nf3 Nf8 26. Bd4 Bxd4+ 27. Nxd4 h4 28. g4
Nfe6 29. Nxe6 Nxe6 30. Qd2 g5 31. Nd5 cxd5 32. exd5 Nxf4 33. Rxe7 Rxe7 34. Re1
Rde8 35. Rxe7 Rxe7 36. Qxa5 Kg7 37. Qd8 Re1+ 38. Kh2 f6 39. Qxc8 Re2 40. Qc7+
Kg6 41. Qxd6 Rxg2+ 42. Kh1 Rg3 43. Qd7 Rxh3+ 44. Kg1 Rg3+ 45. Kh1 1/2-1/2

[Event "Elit(Rockaden,Sthlm-Limhamn)"]
[Site "?"]
[Date "2007.03.17"]
[Round "10"]
[White "Livner, Anders"]
[Black "Eriksson, Magnus"]
[Result "1/2-1/2"]
[WhiteElo "2380"]
[BlackElo "2437"]
[PlyCount "64"]
[EventDate "2007.??.??"]

1. d4 d5 2. c4 c6 3. Nf3 Nf6 4. e3 Bf5 5. Nc3 e6 6. Nh4 Be4 7. f3 Bg6 8. Qb3
Qb6 9. Nxg6 hxg6 10. Bd2 Nbd7 11. O-O-O Be7 12. Kb1 Qc7 13. cxd5 exd5 14. e4
Qb6 15. Qa4 dxe4 16. fxe4 Qb4 17. Qxb4 Bxb4 18. Re1 Ng8 19. Bc4 Ne7 20. Rhf1 f6
21. Bf4 g5 22. Bg3 c5 23. d5 Ng6 24. Bb5 Bxc3 25. bxc3 O-O-O 26. Bxd7+ Rxd7 27.
c4 Re8 28. Rf5 b6 29. Kc2 Ne7 30. Rff1 Ng6 31. Rf5 Ne7 32. Rff1 Ng6 1/2-1/2

[Event "Elit(Rockaden,Sthlm-Limhamn)"]
[Site "?"]
[Date "2007.03.17"]
[Round "10"]
[White "Nylen, Anders"]
[Black "Bator, Robert"]
[Result "0-1"]
[WhiteElo "2434"]
[BlackElo "2266"]
[PlyCount "100"]
[EventDate "2007.??.??"]

1. d4 d5 2. c4 c6 3. Nf3 Nf6 4. Nc3 a6 5. e3 b5 6. b3 Bg4 7. Be2 e6 8. O-O Nbd7
9. Bb2 Qb8 10. cxd5 cxd5 11. Rc1 Bd6 12. h3 Bh5 13. Qd2 O-O 14. Nh4 b4 15. Na4
Ne4 16. Qc2 Bxe2 17. Qxe2 Bh2+ 18. Kh1 Bg3 19. Nf3 Bxf2 20. Rxf2 Ng3+ 21. Kg1
Nxe2+ 22. Rxe2 Qb5 23. Rec2 Qd3 24. Kf2 Nf6 25. Nc5 Ne4+ 26. Nxe4 Qxe4 27. Rc7
a5 28. Ne5 a4 29. Nd7 axb3 30. axb3 Rfd8 31. Nb6 Ra2 32. R1c2 h5 33. Rd2 Qh4+
34. Kf1 Qg3 35. Rcc2 Qxe3 36. Na4 Qxb3 37. Nc5 Qe3 38. Rd3 Rxb2 39. Rxe3 Rxc2
40. Rb3 Ra8 41. Rb1 Raa2 42. Nd3 Rxg2 43. Nxb4 Raf2+ 44. Ke1 Rb2 45. Rxb2 Rxb2
46. Nd3 Rb3 47. Nf4 h4 48. Kf2 g5 49. Nh5 Rxh3 50. Nf6+ Kg7 0-1